MDQL
is popping MORE tags! Check the
thread
!
Quizzes
Events
Quiz Creation
Community
Videos
Private Events
Remove Ads
Sign In
Join for FREE
Feedback
Dark Mode
Quiz Categories
Sports
Geography
Music
Movies
Television
Just For Fun
Miscellaneous
History
Literature
Language
Science
Gaming
Entertainment
Religion
Holiday
For Kids
Quiz Lab
Recent
Popular Today
Quiz Kudos Today
Editor Picks
Curator Picks
Quizzes by...
Day
Popularity
Type
Ratings
Length
Year
Community
Subscriptions
Recent Discussions
Orange Saloon
Badges
Playlists
Quests
Create
Leaderboards
Showdown
Live 5
Trivia Bingo
Activity
Puzzle Library
Sporcle Events
Private Events
Virtual Trivia
Globe League
Become a Host
Pub Owners
SporcleCon
Opinionation
Our Games
Videos
Blog
Mobile Apps
Partnerships
Remove Ads and Go Orange
Feedback
Sports
Athletes
MLB
NBA
NHL
NFL
Soccer
Sports Teams
WWE
NCAA
Football
Premier League
Basketball
Baseball
Hockey
Golf
Tennis
Cricket
Rugby
Auto Racing
Olympics
World Cup
Sports
Athletes
MLB
NBA
NHL
NFL
Soccer
Sports Teams
WWE
NCAA
Football
Premier League
Basketball
Baseball
Hockey
Golf
Tennis
Cricket
Rugby
Auto Racing
Olympics
World Cup
Random Quiz
Search Sporcle
×
Quiz Lab
Quiz Lab
Sports
2009-2010
Type in answers that appear in a list
Type in answers that appear in a list
Classic
Best Score? Go Orange.
FC Barcelona squad 09/10 Stats
Can you name the FC Barcelona squad 09/10?
By
rmcf1959
3m
20 Questions
404 Plays
404 Plays
404 Plays
Comments
Comments
Give Quiz Kudos
Give Quiz Kudos
-
- Ratings
hide this ad
More Info
Random Order
Randomize order of answers
Randomize order of answers
Replay
Link that replays current quiz
Next Quiz
Link to next quiz in quiz playlist
You Got
0%
They Got
Avg Score
72%
Avg Friend Score
Upgrade to see
Score Distribution
Jump to the score distribution portion of the page
Score
0/20
Timer
03:00
0
Plays Today
Nationality
Name of the player
% Correct
Argentina
Lionel Messi
97.5%
Spain
Xavi Hernández
92.3%
Spain
Carles Puyol
92.3%
Sweden
Zlatan Ibrahimović
89.6%
Spain
Andrés Iniesta
88.9%
Brazil
Daniel Alves
85.1%
France
Thierry Henry
85.1%
Ivory Coast
Yaya Toure
83.4%
Spain
Víctor Valdés
81.4%
Spain
Gerard Piqué
79.7%
Nationality
Name of the player
% Correct
France
Eric Abidal
76.2%
Mexico
Rafael Márquez
72%
Spain
Pedro Rodríguez
70.3%
Mali
Seydou Keita
68.1%
Spain
Bojan Krkić
65.1%
Spain
Sergio Busquets
63.1%
Argentina
Gabriel Milito
49.3%
Brazil
Maxwell
46%
Spain
Jose Manuel Pinto
41.6%
Ukraine
Dmytro Chygrynskiy
28.2%
Quiz Playlist
Details
Report
Send in Message
Add To Playlist
More Info:
* - I decided not to put in the youngster players who did not play frequently in this season to avoid confusions. Have fun and rate ! :]
Classic:
Type in answers that appear in a list
Random Order:
Randomize order of answers
Last Updated: Feb 16, 2017
Quiz Scoreboard
CHALLENGE
Sign Up to Join the Scoreboard
Show All
Scores
Hide
Comments
May contain spoilers
Recently Published
Two Season TV Shows II
by 123Four
Television
10m
Image Sorting: Flags VI
by Barbecue
Geography
2m
Find the 'City' Movie
by crazypaving
Movies
60s
More to Explore
Quiz From the Vault
Featured Blog Post
14 Easter Pick-up Lines to Find Eggs With
hide this ad
You Might Also Like...
Tags
2009-2010
Age
Barcelona
FC Barcelona
Nationality
Player
Squad
Today's Top Quizzes in Sports
Browse Sports
hide this ad
Today's Top Quizzes in 2009-2010
Browse 2009-2010
Top Contributed Quizzes in Sports
1
Les meilleurs buteurs des matchs entre le PSG et l’OM
2
Les entraîneurs de l'OM et du PSG au 21e siècle
3
2022 World Cup Stars
4
Les joueurs passés par le PSG et l'OM
5
Players with Multiple 50 Home Run Seasons
6
FIFA Club World Cup Champions
7
Criteria MLB: Left Handed Sluggers
8
Les joueurs passés par le LOSC et le RC Lens
9
Top 10 NHL Goal Scorers of All Time
10
NBA Logic Puzzle 2.0
Explore More
Trending Topics
Harry Potter
NBA
Disney
Marvel
Anime
Crossword
Kpop
NFL
Song
The Office
Soccer
Puzzle
Pokémon
WWE
Country
hide this ad
More By:
rmcf1959
Quiz
Plays
Rating
Category
Featured
Created
Warcraft III - hero characters
559
4.67
Gaming
Feb 26, 2010
Real Madrid squad 09/10
422
2.60
Sports
Feb 7, 2010
FC Barcelona squad 09/10
404
Sports
Feb 8, 2010
Go to Creator's Profile
Score Distribution
Quiz Creator Spotlight
rmcf1959
Follow
Send a Message
Quizzes Created
-
Created Quiz Play Count
-
More By This Creator
Popular Quizzes Today
1
Find the US States - No Outlines Minefield
2
Colored Red Africa Blitz
3
Find the 'City' Movie
4
5x2 Blitz: Bands
5
The Countries of the World
6
Find the Countries of Europe - No Outlines Minefield
7
Find the US States
8
US States
More Sports Quizzes
The Open Championship
Editor's Pick
Trending Quizzes
Colored Red Europe Blitz I
Colored Red Africa Blitz II
Colored Red Europe Blitz II
Colored Red Africa Blitz III
Even More Two Season TV Shows
Recently Updated
March Madness Men's Triple Doubles
pecheneg
How Do You Spell That?
pecheneg
Godzilla Movies
pecheneg
Grab Bag: 4-10 Letters
pecheneg
2024 March Madness Bracket
pecheneg
Famous TV Couples
Peacemaker
Champions League XIs: Real Madrid
pecheneg
Largest US Cities 1790-2010
pecheneg
Rides in Walt Disney World
pecheneg
Most Oscar Losses (Acting)
pecheneg
Trending Topics
Disney
Harry Potter
Marvel
NBA
Crossword
Kpop
Anime
Song
NFL
Pokémon
The Office
Puzzle
Soccer
WWE
Country
Your Account Isn't Verified!
In order to create a playlist on Sporcle, you need to verify the email address you used during registration. Go to your
Sporcle Settings
to finish the process.
Report this User
Report this user for behavior that violates our
Community Guidelines
.
Details:
Send Report
Go to the Sporcle.com Mobile Site →
Comments